Fr. Conceicao Rodrigues College of Engineering

What Colour Is Your Parachute? Rev & Enlarged ed. (Record no. 24321)

MARC details
000 -LEADER
fixed length control field 00347nam a2200145Ia 4500
082 ## - DEWEY DECIMAL CLASSIFICATION NUMBER
Classification number 331.7
100 ## - MAIN ENTRY--PERSONAL NAME
Personal name Bolles/Richard Nelson
245 ## - TITLE STATEMENT
Title What Colour Is Your Parachute? Rev & Enlarged ed.
260 ## - PUBLICATION, DISTRIBUTION, ETC.
Name of publisher, distributor, etc. Ten Speed Press
Place of publication, distribution, etc. California
Date of publication, distribution, etc. 1983
300 ## - PHYSICAL DESCRIPTION
Extent 341
546 ## - LANGUAGE NOTE
Language note ENGLISH
650 ## - SUBJECT ADDED ENTRY--TOPICAL TERM
Topical term or geographic name entry element General
654 ## - SUBJECT ADDED ENTRY--FACETED TOPICAL TERMS
Focus term What Colour
942 ## - ADDED ENTRY ELEMENTS (KOHA)
Koha item type BOOK
Holdings
Withdrawn status Lost status Damaged status Not for loan Collection Home library Current library Shelving location Date acquired Total Checkouts Full call number Barcode Date last seen Price effective from Koha item type
        AFT Fr. Agnel's C.Rodrigues College of Engineering Fr. Agnel's C.Rodrigues College of Engineering   17/03/2023   331.7 AFT6822 17/03/2023 17/03/2023 BOOK